000 02282cam a22006254i 4500
003 PE-LiUPU
005 20250731170441.0
008 150625s2005 sp a rb 000 0 spa d
020 _a8436816056
020 _a9788436816051
035 _a(Sirsi) i9788436816051
040 _aPE-LiUPU
_bspa
_cPE-LiUPU
_dPE-LiUPU
_erda
049 _aPRUA
082 0 4 _a159.95
_bF38
_221
100 1 _aFernández-Abascal, Enrique,
_eautor.
245 1 0 _aProcesos psicológicos /
_cEnrique G. Fernández-Abascal, María Dolres Martínez Díaz F. y Javier Domínguez Sánchez.
264 1 _aMadrid :
_bPirámide,
_c[2005].
300 _a402 páginas :
_bilustraciones ;
_c24 centímetros.
336 _atext
_2rdacontent
337 _aunmediated
_2rdamedia
338 _avolume
_2rdacarrier
490 0 _aColección "Psicología"
504 _aBibliografía: páginas [375]-390.
505 0 _aIntroducción al estudio de los procesos psicológicos -- La atención -- La percepción -- El aprendizaje -- La memoria -- El pensamiento -- El lenguaje y la comunicación -- La motivación -- La emoción -- Integración y diferenciación de los procesos.
526 _aSEG68
526 _aSEG70
526 _aSEG69
526 _aSEG67
526 _aSEG43
526 _aP144
526 _aP143
526 _aP131
526 _aP122
526 _aP120
526 _aP117
526 _aP112
526 _aP110
526 _aP106
526 _aP101
526 _aP80
526 _aP59
526 _aP54
526 _aP35
526 _aP33
526 _aP30
541 _g0003233;
650 0 4 _aPsicología cognitiva.
700 1 _aDomínguez Sánchez, Francisco Javier,
_eautor.
700 1 _aMartín Díaz, María Dolores,
_eautor.
942 _2ddc
_cBOOK
949 _a159.95 F38
_wDEWEY
_c1
_i56336
_d2016-11-30
_e2016-11-29
_lCCODEBUL1
_mBUL
_n3
_p36.00
_r0
_sY
_tBOOK
_u2015-6-25
_xSALUD
_PP33
_0COMPRA
_o.STAFF. Colección Ciencias de la Salud
994 _aC0
_bPEPRU
596 _a1
999 _a159.95 F38
_wDEWEY
_c45588
_i56336
_d45588
_e2018-8-31
_f2021-11-3
_g6
_lCCODEBUL1
_mBUL
_n12
_p36.00
_q10
_r0
_sY
_tBOOK
_u2015-6-25
_xSALUD
_zP33
_0COMPRA
_o.STAFF. Colección Ciencias de la Salud
980 _81
_gALBERTO SANCHEZ Responsable de Automatización